000 00524nam a2200181 i 4500
001 45781
003 ES-MaACL
005 20231227150145.0
007 t|
008 030326s1969 sp ||||1| cat d
100 1 _aCondeminas, M.
_940138
245 1 0 _aUn llibre d'exorcismes /
_cM. Condeminas ; editat per Jacint Verdaguer.
260 _aBarcelona :
_bCadi,
_c[1969]
300 _a49 p. ;
_c18 cm.
700 1 _aVerdaguer, Jacint,
_d1845-1902
_9113998
852 _aES-MaACL
_jC-35920
_bR.69329
999 _c45781
_d45781